| 000 | 00000nam##2200000za#4500 |
| 001 | 9.662839 |
| 003 | CaOODSP |
| 005 | 20200401064442 |
| 007 | ta |
| 008 | 150407|2001||||xxc||||| f|0| 0 eng|d |
| 020 | |a0-662-65801-9 |
| 040 | |aCaOODSP|beng |
| 041 | |aeng |
| 041 | |afre |
| 043 | |an-cn--- |
| 086 | 1 |aT22-90/2004-1 |
| 110 | 1 |aCanada. |bTransport Canada. |
| 245 | 10|aLooking to the new millennium : |bTransport Canada 2001-2004 business plan - an update |
| 260 | |aOttawa - Ontario : |bTransport Canada |c2001. |
| 300 | |aEnglish text, 38p. ; |c28 cm. |
| 546 | |aBilingual |
| 563 | |aSoftcover |
| 590 | |a01-29|b2001-07-20 |
| 690 | 07|aManagement|2gcpds |
| 690 | 07|aTransport industry|2gcpds |
| 690 | 07|aFuture|2gcpds |
| 776 | 0#|tCap sur le nouveau millénaire : |w(CaOODSP)9.630547 |
| 776 | 0#|tLooking to the new millennium : |w(CaOODSP)9.686125 |
| 792 | |tCap sur le nouveau millénaire : |efre|w(CaOODSP)9.662840 |
| 986 | |aTP 13605 |